000 01528nam0a2200337 4500
001 RU\NLR\BIBL_A\011955814
005 20190326152601.0
010 _a978-5-9222-1051-5
_9500
021 _aRU
_bКН-П-19-007975
_9КН-П-19-0594
035 _a(NLR Aleph) 011955814
035 _a(RuMoRGB)009888210
090 _a11175017
_c11175017
100 _a20190307d2015 u y0rusy50 ca
101 0 _arus
102 _aRU
105 _aa j 000zy
200 1 _aМетоды синтеза хиральных дитиокислот фосфора и их производных
_eучебное пособие
_e[для студентов по специальности 020201.65 Фундаментальная и прикладная химия]
_fИ. С. Низамов
210 _aКазань
_cОтечество
_d2015
215 _a157 с.
_cил.
_d21
300 _aНа 4-й с. обл. авт.: Низамов И. С., проф., д.х.н.
313 _aВ т.ч фарм. препараты
320 _aБиблиогр.: с. 151-157 (49 назв.)
606 1 _aТиокислоты фосфора
_xСинтез
_jУчебные издания для высших учебных заведений
_2nlr_sh2
_3RU\NLR\AUTH\6601652407
686 1 _aГ275.28-4я73-1
686 1 _aЛ662.752.5я73-1
700 1 _aНизамов
_bИ. С.
_gИльяс Саидович
942 _cBOOK
980 _aNBR
980 _aNB